000 00766nam a2200217Ia 4500
005 20241129105923.0
008 241129s9999||||xx |||||||||||||| ||und||
020 _a978-81-7975-925-7
037 _aTB
040 _aARTS
_bhin
_cARTS
041 _ahin
_2hin
084 _aO152:g Q9
_qARTS
100 _aमाहेश्वरी, अरूण, ले.
245 0 _aआलोचना की नई दृष्टि की तलाश
_cमाहेश्वरी, अरूण, ले.
260 _aनई दिल्ली, भारत
_bअनामिका पब्लिशर्स
_c2022
300 _a382पृ0
365 _aINR
_b995
650 _aHindi Literature
_923866
942 _cTB
_hO152:g Q9
999 _c1226586
_d1226586